| 000 | 02335cas a2200433 4500 | ||
|---|---|---|---|
| 001 | 10545037 | ||
| 003 | AUA.1 | ||
| 005 | 20130528133225.0 | ||
| 007 | t| | ||
| 008 | 850720c19639999miufr p 0 a0eng c | ||
| 010 |
_a 74645601 _zsc 76000812 |
||
| 022 |
_a0003-2980 _21 |
||
| 035 | _a(OCoLC)ocm01780045 | ||
| 037 | _b49104 | ||
| 040 |
_aMnMULS _cMnMULS _dMBTI _dNSDP _dDLC _dOCoLC _dAIP _dNSDP _dAIP _dOCoLC _dDLC _dTNJ _dOCoLC |
||
| 042 |
_ansdp _apcc |
||
| 050 | 0 | 0 |
_aBR1 _b.A53a |
| 110 | 2 |
_aAndrews University. _bSeventh-Day Adventist Theological Seminary. _936664 |
|
| 210 | 0 | _aAndrews Univ. Semin. stud. | |
| 222 | 0 | _aAndrews University Seminary studies | |
| 245 | 1 | 0 | _aAndrews University Seminary studies. |
| 260 |
_aBerrien Springs, Mich., _bAndrews University Press. _cspring 2004 |
||
| 300 |
_bill. _c23 cm. _av.: |
||
| 310 |
_a2 issues yearly, _b<spring 1995- > |
||
| 321 |
_aFrequency varies, _b1963- |
||
| 362 | 0 | _aspring 2004 | |
| 440 |
_aAndrews University Seminary Studies _vVol. 42, No.1 2004 _936665 |
||
| 500 | _a"Journal of the Seventh-Day Adventist Theological Seminary." content: evolution and method; part 3: evolution and Adventist Theology; The genesis flood narrative crucial issues in the current debate; selected lexical and grammatical studies in Genesis 1. the use of the sanctuary in the Old testament Pseudepigrapha, Philo, and Josephus New Testament Greeks; manuscript facsimiles at Andrews university; miniature symbolization and year-Day Principle of prophetic interpretation; theodicy and the theme of cosmic conflict in the early church; leadership formation in ministerial education the impact of graduate; theological education on leadership development in the local pastorate; madaba plans project | ||
| 590 | _aAnnual, 1963-64; 2 no. a year, 1965-. "Journal of the Seventh-day Adventist Theological Seminary." | ||
| 650 | 0 |
_aTheology _vPeriodicals. _936666 |
|
| 650 | 0 |
_aTheological seminaries _xPeriodicals. _936667 |
|
| 700 |
_aJerry Moon _eEditor _936668 |
||
| 906 |
_a7 _bcbc _cserials _du _encip _f19 _gn-oclcserc |
||
| 936 | _aSpring 1995 (surrogate) LIC | ||
| 942 |
_2lcc _cPER _hBR1 _i.A53a |
||
| 999 |
_c10238 _d10238 |
||